Online
Catalog

Relatos para pasar el rato / (Record no. 50028)

MARC details
000 -CABECERA
campo de control de longitud fija 01485nam a22002417a 4500
003 - IDENTIFICADOR DEL NÚMERO DE CONTROL
campo de control DO-SdBNP
005 - FECHA Y HORA DE LA ÚLTIMA TRANSACCIÓN
campo de control 20240306073901.0
007 - CAMPO FIJO DE DESCRIPCIÓN FÍSICA--INFORMACIÓN GENERAL
campo de control de longitud fija ta
008 - DATOS DE LONGITUD FIJA--INFORMACIÓN GENERAL
campo de control de longitud fija 210701b2018 dr 00| 0 eng d
020 ## - NÚMERO INTERNACIONAL ESTÁNDAR DEL LIBRO
Número Internacional Estándar del Libro 9789945169126
040 ## - FUENTE DE LA CATALOGACIÓN
Centro catalogador/agencia de origen DO-SdBNP
Lengua de catalogación spa
Centro/agencia transcriptor BNPHU
082 #4 - NÚMERO DE LA CLASIFICACIÓN DECIMAL DEWEY
Número de clasificación RD863.44
Número de documento/Ítem S211r
Número de edición 22
100 1# - ENTRADA PRINCIPAL--NOMBRE DE PERSONA
Nombre de persona Sánchez Maríñez, Julio
9 (RLIN) 1591
245 10 - MENCIÓN DE TÍTULO
Título Relatos para pasar el rato /
Mención de responsabilidad, etc. Julio Sánchez Mariñez ; prólogo: José Mármol.
260 ## - PUBLICACIÓN, DISTRIBUCIÓN, ETC.
Lugar de publicación, distribución, etc. Santo Domingo :
Nombre del editor, distribuidor, etc. Búho,
Fecha de publicación, distribución, etc. 2018.
300 ## - DESCRIPCIÓN FÍSICA
Extensión 170 p. ;
Dimensiones 22 cm.
500 ## - NOTA GENERAL
Nota general Incluye datos biográficos del autor en la solapa de la contracubierta.
505 0# - NOTA DE CONTENIDO CON FORMATO
Nota de contenido con formato Prólogo: los relatos de Julio – Primavera -- El sacerdote de Andrés -- La imagen -- El autobús -- Loco del barrio – Caminata -- Pelambre invasora -- De vuelta – Remolinos -- Las monedas .-- Pesadilla.-- Resbalón -- Misericordia, Barbarita, misericordia -- La lechuza -- El Chino – Temores – Cofradía – Desaparecidas – Desencuentro -- Tony no era quien parecía ser -- Para manejar los recuerdos .-- Síndrome de abstinencia, -- Verano -- Cuestión de logística -- El viejo de la barba azul – Escribano -- Escuchar música solo – Otoño -- Alma en pena -- Alter ego -- La trampa en los laberintos – Transporte – Invierno -- La esperanza de Manuel -- El escapulario -- Aguas bravas.
590 ## - NOTA LOCAL (RLIN)
Nota local Inventariado, 2021 /LP<br/><br/>
700 1# - PUNTO DE ACCESO ADICIONAL--NOMBRE DE PERSONA
Nombre de persona Mármol, José,
Fechas asociadas al nombre 1960-
Término indicativo de función/relación prólogo
9 (RLIN) 6454
910 ## - DATOS DE OPCIÓN DEL USUARIO (OCLC)
Datos de opción del usuario Validado. Control de calidad MFF
942 ## - ELEMENTOS DE PUNTO DE ACCESO ADICIONAL (KOHA)
Fuente del sistema de clasificación o colocación Dewey Decimal Classification
Tipo de ítem Koha Libro
Holdings
Estado de retiro Estado de pérdida Fuente del sistema de clasificación o colocación Restricciones de uso No para préstamo Código de colección Localización permanente Ubicación/localización actual Ubicación en estantería Fecha de adquisición Fuente de adquisición Total de préstamos Signatura topográfica completa Código de barras Fecha visto por última vez Precio válido a partir de Tipo de ítem Koha Número de copia
    Dewey Decimal Classification Préstamo en sala   Monografías: Libros y Folletos Biblioteca Nacional Pedro Henríquez Ureña General Depósito 01.07.2021 Editora Búho   BNPHU DS RD863.44 S211r 2021-2319 01.07.2021 01.07.2021 Libro e.3
    Dewey Decimal Classification Excluido de préstamo Excluido de préstamo Monografías: Libros y Folletos Biblioteca Nacional Pedro Henríquez Ureña Patrimonio Dominicano Depósito 01.07.2021 Editora Búho   BNPHU PD RD863.44 S211r 2021-2317 01.07.2021 01.07.2021 Libro  
    Dewey Decimal Classification Excluido de préstamo Préstamo restrigido Monografías: Libros y Folletos Biblioteca Nacional Pedro Henríquez Ureña Patrimonio Dominicano Depósito 01.07.2021 Editora Búho   BNPHU PD RD863.44 S211r 2021-2318 01.07.2021 01.07.2021 Libro e.2

Powered by Koha